000 00301nam a2200133Ia 4500
008 231129s1971||||xx |||||||||||||| ||spa||
040 _bspa
082 _a891.73 B933n
100 _aBulgakov Mijail A.
245 0 _aNovela teatral
260 _c1971
264 _aSalvat-Alianza
942 _2ddc
_cBKS
999 _c21806
_d21806